[Event "FRA-chT1B 0809"]
[Site "France"]
[Date "2008.12.14"]
[Round "5.1"]
[White "David, Vincent"]
[Black "Le Roux, Jean Pierre"]
[Result "1/2-1/2"]
[WhiteElo "2388"]
[BlackElo "2496"]
[PlyCount "95"]
[EventDate "2008.10.19"]
[EventType "tourn"]
[EventRounds "11"]
[EventCountry "FRA"]
[SourceTitle "EXT 2010"]
[Source "ChessBase"]
[SourceDate "2010.11.25"]
[SourceVersion "1"]
[SourceVersionDate "2010.11.25"]
[SourceQuality "1"]
[WhiteTeam "Niort"]
[BlackTeam "Guingamp"]
[WhiteTeamCountry "FRA"]
[BlackTeamCountry "FRA"]

1. d4 Nf6 2. c4 g6 3. Nc3 d5 4. cxd5 Nxd5 5. Bd2 Bg7 6. e4 Nb6 7. Be3 0-0 8. Be2 Nc6 9. Nf3 Na5 10. d5 e6 11. Bd4 exd5 12. exd5 Re8 13. 0-0 c5 14. Bxg7 Kxg7 15. b4 cxb4 16. Qd4+ f6 17. Qxb4 Nxd5 18. Nxd5 Qxd5 19. Bb5 Nc6 20. Bxc6 bxc6 21. Rfd1 Qf7 22. Rd6 Be6 23. Rxc6 Bd5 24. Rc3 Rab8 25. Qf4 Rb7 26. a3 Re4 27. Qd2 Qe6 28. h3 Re2 29. Qf4 Re4 30. Rc7+ Rxc7 31. Qxc7+ Qf7 32. Qa5 Re7 33. Nh2 h5 34. Re1 Rxe1+ 35. Qxe1 Qb7 36. f3 Bc4 37. h4 Qb6+ 38. Kh1 Qd6 39. Qc1 Qd4 40. g3 Qd3 41. Kg1 Qd4+ 42. Kg2 a5 43. g4 Bf7 44. Kg3 Qd6+ 45. Kg2 Qe5 46. Qd2 Bd5 47. gxh5 gxh5 48. Nf1 1/2-1/2

[Event "FRA-chT1B 0809"]
[Site "France"]
[Date "2008.10.19"]
[Round "1.1"]
[White "David, Vincent"]
[Black "Firman, Nazar"]
[Result "0-1"]
[WhiteElo "2388"]
[BlackElo "2525"]
[PlyCount "34"]
[EventDate "2008.10.19"]
[EventType "tourn"]
[EventRounds "11"]
[EventCountry "FRA"]
[SourceTitle "EXT 2010"]
[Source "ChessBase"]
[SourceDate "2010.11.25"]
[SourceVersion "1"]
[SourceVersionDate "2010.11.25"]
[SourceQuality "1"]
[WhiteTeam "Niort"]
[BlackTeam "Migne Auxances"]
[WhiteTeamCountry "FRA"]
[BlackTeamCountry "FRA"]

1. d4 f5 2. g3 Nf6 3. Bg2 g6 4. b3 Bg7 5. Bb2 0-0 6. Nh3 d6 7. c4 e6 8. Nc3 Na6 9. 0-0 c6 10. Qd2 e5 11. Rad1 Qe7 12. e3 Nc7 13. dxe5 dxe5 14. f4 e4 15. Qe1 Na6 16. Nf2 Be6 17. Rd2 Rfd8 0-1